Genes, plants, and people ; essays on genetics /

Bibliographic Details
Main Author: Darlington, C. D. (Cyril Dean), 1903-1981
Other Authors: Mather, Kenneth, 1911-1990
Format: Book
Language:English
Published: London : Allen & Unwin, [1950]
Subjects:

MARC

Tag First Indicator Second Indicator Subfields
LEADER 00000cam a2200000 4500
001 in00000046277
005 20151007071304.0
008 750819s1950 enka b 00010 eng u
010 |a  50012930  
035 |a (OCoLC)01560455 
035 |9 AAE5680AM 
040 |c MUB  |d TXA  |d UtOrBLW 
049 |a TXAM  |c [187453] 
050 0 |a QH431  |b .D2147 
092 |a 575.04  |b D221g 
100 1 |a Darlington, C. D.  |q (Cyril Dean),  |d 1903-1981. 
245 1 0 |a Genes, plants, and people ;  |b essays on genetics /  |c by C. D. Darlington and K. Mather. 
264 1 |a London :  |b Allen & Unwin,  |c [1950] 
300 |a xxi, 187 pages :  |b illustrations ;  |c 23 cm. 
336 |a text  |b txt  |2 rdacontent 
337 |a unmediated  |b n  |2 rdamedia 
338 |a volume  |b nc  |2 rdacarrier 
504 |a Includes bibliographies. 
650 0 |a Genetics. 
700 1 |a Mather, Kenneth,  |d 1911-1990. 
999 |a MARS 
999 f f |s 1ff65d4c-0332-36ec-9f39-8fecd506e0e3  |i 62ee785e-5573-331e-b454-fd5e73c71193  |t 0 
952 f f |p ric  |a Texas A&M University  |b Rellis Campus  |c Joint Library Facility  |d Remote Storage  |t 0  |e QH431 .D2147  |h Library of Congress classification  |i unmediated -- volume  |m A14800977961 
998 f f |a QH431 .D2147  |t 0  |l Remote Storage